Регионална библиотека "Любен Каравелов" - Русе

Москва, Кремъл, 90-те (Запис номер 25487)

MARC детайли
000 -Лидер
Контролно поле с фиксирана дължина 01211nam a2200313 c 4500
003 - Код на организацията, давaща контролен номер
Контролно поле BLK
005 - Дата и час на последна редакция
Контролно поле 20180420220018.0
008 - Елементи от данни с фиксирана дължина
fixed length control field 180413b bul|||||r ||||||| ||bul||
010 ## - Наследен системен номер
LC control number KNG00028028000
020 ## - Международен стандартен номер на книга ISBN
Международен стандартен номер на книга ISBN 954-9513-45-9
-- издат.: Мириам
040 ## - Източник на каталожния запис
Идентификатор на билиотеката - собственик на записа BLK
041 ## - Код за език
Код за езика на текст/звукозапис или на отделно заглавие Български
Код за езика КДБФ Български
080 ## - УДК
Текстов определител УДК Вътрешна политика. Вж и 329
УДК код - определител по УДК 323
УДК определител (470)(092)
УДК - код + определител 323(470)(092)
080 ## - УДК
Текстов определител УДК Руски президент
УДК код - определител по УДК 929 Елцин, Борис Николаевич
УДК определител
УДК - код + определител 929 Елцин, Борис Николаевич
100 1# - Редна дума - Автор
Автор Попцов, Олег
Авторска отговорност първи автор
R(LIN) 112591
139 ## - Редно поле
Редна дума Попцов, Олег
Авторски знак Попт - П 78
245 10 - Сведения за заглавието
Заглавие Москва, Кремъл, 90-те
Подзаглавни данни Хроника на времето на "цар Борис" : Кн. 1 -
Редно поле (дума) Олег Попцов.
Том Кн. 1
257 ## - Страна на издаване
Страна на създаване/издаване Русия
260 ## - Област на издателските данни
-- София
Име на издателя, разпространителя и проч. Мириам
Година на издаване 1999
300 ## - Физическа характеристика
Размери/Мащаб 20 см
380 ## - Жанр
Жанр Обществени науки
600 14 - Име на лице, използвано като предмет
За него / За нея Елцин, Борис Николаевич
9 (RLIN) 266340
760 1# - Описание на основната серия
Редна дума на основното описание Попцов, Олег
Място на издаване, издател и година 1999
Страници - том 360 с. : с портр.
Заглавие Кн. 1
852 ## - Местоположение
Форматна сигнатура Цб 201478
856 4# - Електронен адрес и достъп
Електронен формат pdf - файл
Път до файла /url/
856 4# - Електронен адрес и достъп
Електронен формат pdf - файл
Път до файла /url/
942 ## - АРТИКУЛИ
Вид на библиотечния материал Книги
Скрит в OPAC Не
944 ## - СЪЗДАВАНЕ И РЕДАКЦИЯ на ЗАПИСА
Създаване/Редакция Създаване
Дата на регистрацията/редакция 15.01.2003
Служител, извършил регистрацията/редакцията Грета_Цуфелде
944 ## - СЪЗДАВАНЕ И РЕДАКЦИЯ на ЗАПИСА
Създаване/Редакция Редакция
Дата на регистрацията/редакция 15.07.2014
Служител, извършил регистрацията/редакцията
999 ## - СИСТЕМНИ КОНТРОЛНИ НОМЕРА
Koha biblionumber 25487
Koha biblioitemnumber 25487
Наличности
Код за отписване Код за изгубен артикул Източник на класификационната схема Код за повреда Коз за рестрикции Код за отдаване Артикулен № Име на библиотеката - собственик Име на библиотеката, в която се намира в момента Статус (Текущо местоположение) Местоположение - отдел Цена в лева Инвентарен номер Систематично азбучна сигнатура Баркод Номер на екземпляра Цена в евро Служебна бележка Служебен тип на артикула Дата на вписване в системата
Изтеглен Не е изгубен Universal Decimal Classification Не е повреден без рестрикции заемане за дома 41739 Регионална библиотека "Любен Каравелов" Русе Регионална библиотека "Любен Каравелов" Русе Заемна - подръчен фонд Заемна - подръчен фонд 6.00 648847 П 323(4)/П 78 648847 1 3.07 Дата инв: 02.02.2018 Бележки инв: П2018 Книги  
  Не е изгубен Universal Decimal Classification Не е повреден без рестрикции ползва се в читалня 41740 Регионална библиотека "Любен Каравелов" Русе Регионална библиотека "Любен Каравелов" Русе Хранилище Хранилище 6.00 653270 Цб 201478 120000653270 2 3.07 N: стар фонд Дата: 01.01.1999 Книги 1999-01-01
Изтеглен Не е изгубен Universal Decimal Classification Не е повреден без рестрикции заемане за дома 41741 Регионална библиотека "Любен Каравелов" Русе Регионална библиотека "Любен Каравелов" Русе Заемна - подръчен фонд Заемна - подръчен фонд 6.00 649906 П 323(4)/П 78 649906 3 3.07 N: стар фонд Дата: 01.01.1999 Дата инв: 02.02.2018 Бележки инв: П2018 Книги 1999-01-01
Vip Innovations Ltd, Rousse, Bulgaria 2025